000
00392nam a22001697a 4500
003
MPLRDC
005
20220104123645.0
008
210129b ||||| |||| 00| 0 eng d
082
_a
415.271 YMH
100
_a
叶铭洪著
245
_a
怎样应付癌症
_c
260
_a
_b
万叶出版社
_c
300
_b
平
490
_a
大众医学丛书
650
_a
942
_c
BK
_o
415.271 YMH
999
_c
13145
_d
13135